Sports Quiz

Random Sports or MLB Quiz

MLB Teams by Clue Quiz Stats

 Plays Quiz not verified by Sporcle

Score 0/30 Timer 15:00
0 Plays Today
% Correct
Cincinnati Reds
94.9%
St.Louis Cardinals
94.9%
Chicago Cubs
92.3%
New York Yankees
89.7%
New York Mets
89.7%
San Francisco Giants
89.7%
Baltimore Orioles
87.2%
Atlanta Braves
87.2%
Philadelphia Phillies
87.2%
Houston Astro
87.2%
Pittsburgh Pirates
87.2%
Los Angeles Dodgers
87.2%
San Diego Padres
87.2%
Detroit Tigers
84.6%
Washington Nationals
84.6%
% Correct
Milwaukee Brewers
84.6%
Arizona Diamond-Backs
84.6%
Colorado Rockies
84.6%
Los Angeles Angels
82.1%
Seattle Mariners
82.1%
Florida Marlins
82.1%
Tampa Bay Rays
79.5%
Cleveland Indians
79.5%
Kansas City Royals
79.5%
Minnesota Twins
79.5%
Texas Rangers
79.5%
Oakland Athletics
76.9%
Boston Red Sox
74.4%
Chicago White Sox
71.8%
Toronto Blue Jays
69.2%

You're not logged in!

Compare scores with friends on all Sporcle quizzes.
OR
Log In

Show Comments

Extras

Created Aug 10, 2011ReportNominate
Tags:Baseball Quiz, MLB Quiz, team

Top Quizzes Today


Score Distribution

Your Account Isn't Verified!

In order to create a playlist on Sporcle, you need to verify the email address you used during registration. Go to your Sporcle Settings to finish the process.

Report this User

Report this user for behavior that violates our Community Guidelines.

Details: